Statistics for Bands by Name Origin (T-Z)

Click here to take the quiz!

General Stats

  • This quiz has been taken 146 times
  • The average score is 6 of 13

Answer Stats

Band Name OriginBand% Correct
Named after the dog in The Wizard of OzToto
93%
A reference to acts such as B.B. King and Z.Z. HillZZ Top
80%
A nickname given to the frontman when he was a kid by other children teasing him about his asthmaWeezer
74%
Suggested because it was short, positive, direct, and memorableYes
65%
The UK government's form number for the Unemployment Benefit Attendance Card, as shown on the band's debut albumUB40
58%
3-letter acronym for each of the members' nicknamesTLC
45%
Term used by TV studios to describe a shoulders-up shot of a person as 'all content, no action.'Talking Heads
36%
A reference to the literary character Don Quixote, who mistook windmills for giantsThey Might Be Giants
36%
Named in reference to the aboriginal tradition of sleeping with dingos on cold nightsThree Dog Night
26%
A parody of the name of LA glam band Pretty Boy FloydUgly Kid Joe
23%
Because of mishearing the Beatles lyric "With tangerine trees and marmalade skies"Tangerine Dream
21%
Baseball player Richie Ashburn used to yell "I've got it!" in Spanish to avoid collisions with his teammate.Yo La Tengo
17%
From a thesis paper that described how interplanetary travel was possible in less than a minuteThirty Seconds to Mars
16%

Score Distribution

Percentile by Number Answered

Percent of People with Each Score

Your Score History

You have not taken this quiz